Movies Quiz

Random Movies Quiz

What do these films have in common? Quiz Stats

 Plays Quiz not verified by Sporcle

Challenge
Share
Tweet
Embed
Score 0/20 Timer 12:00
0 Plays Today
Films Answer % Correct
Good Will Hunting, Insomnia, Death to SmoochyActor
85.1%
True Lies, The Abyss, AliensDirector
78.3%
The Island, The Nanny Diaries, Iron Man 2Actress
63.6%
Independence Day, War of the Worlds, Mars AttacksStory
52.9%
Armageddon, National Treasure, Pirates of the CaribbeanProducer
51.1%
Adaptation, Being John Malkovich, Eternal Sunshine of the Spotless MindScreenwriter
44.1%
Monty Python and the Holy Grail, Excalibur, CamelotCharacter
39.2%
Sin City, Constantine, Kick AssSource material
35.7%
Ben Hur, Titanic, The Return of the KingAcademy Award wins
33.9%
Avatar, Titanic, The Return of the KingBox office
33.4%
Films Answer % Correct
The Departed, Mystic River, Gone Baby GoneSetting
29.6%
The Matrix, Fight Club, American BeautyYear released
28.7%
Amelie, The Diving Bell and the Butterfly, TaxiLanguage
27.2%
Memento, Irreversible, 5x2Sequence
26.4%
The Dark Knight, Hannibal, Patriot GamesSequels
22.6%
All About Steve, Catwoman, ShowgirlsGolden Raspberry Award acceptances
22.5%
Spiderman, Batman Returns, Alice in WonderlandComposer
22.4%
Dr. Strangelove, Austin Powers: The Spy Who Shagged Me, NorbitMultiple character actor
17.4%
Braveheart, Dances With Wolves, Good Night and Good LuckDirector is the star
14.3%
The Thing, The Terminator, Jurassic ParkVisual effects supervisor
12.8%

You're not logged in!

Compare scores with friends on all Sporcle quizzes.
Join for Free
OR
Log In

You Might Also Like...

Show Comments

Extras

Created May 4, 2010ReportNominate
Tags:common, detail

Top Quizzes Today


Score Distribution

Your Account Isn't Verified!

In order to create a playlist on Sporcle, you need to verify the email address you used during registration. Go to your Sporcle Settings to finish the process.

Report this User

Report this user for behavior that violates our Community Guidelines.

Details: